|
|
|
|
| LEADER |
00000nab a2200000 ar4500 |
| 001 |
vtls008427110 |
| 003 |
SK-MaSNL |
| 005 |
20260303065947.0 |
| 008 |
060131c2005 xo mr|p|||||||000 b|slo |
| 015 |
|
|
|a SNBRB2006/01
|2 snkbucl
|
| 038 |
|
|
|a SNKBUCL
|
| 040 |
|
|
|a SNKBUCL
|b slo
|c SNKBUCL
|e AACR2
|
| 041 |
0 |
|
|a slo
|
| 044 |
|
|
|a xo
|c SK
|
| 080 |
|
|
|a 771.31:004.085:061.5:061.3
|2 1997
|
| 080 |
|
|
|a 681.772.2:004.085
|2 1997
|
| 100 |
1 |
|
|a Orviský, Peter
|4 aut
|9 18820
|
| 245 |
1 |
0 |
|a Lumix seminár 2005
|c Peter Orviský
|
| 300 |
|
|
|b Obr., sch.
|
| 610 |
2 |
7 |
|a Panasonic
|2 snkbucl
|9 1035657
|
| 611 |
2 |
7 |
|a Panasonic Lumix Seminar
|d (2005 :
|c Taormina, Taliansko)
|2 snkbucl
|9 1066718
|
| 650 |
0 |
7 |
|a digitálne fotoaparáty
|2 snkbucl
|9 20208
|
| 650 |
0 |
7 |
|a Panasonic Lumix (fotoaparáty)
|2 snkbucl
|9 1054844
|
| 655 |
|
7 |
|a reportáže
|2 snkbucl
|9 28856
|
| 773 |
0 |
|
|t DiGi revue
|g Roč. 1, č. 9 (2005), s. 22-23
|x 1336-5754
|
| 852 |
|
|
|a SNK
|b KIS3GCP
|
| 999 |
|
|
|c 1753426
|d 1755356
|